Top 10 Football (Soccer) Players In The World 2012 - Statistics

General Stats
  • This quiz has been taken 1,660 times
  • The average score is 8 of 22
Answer Stats
Hint Answer % Correct
1 Lionel Messi
100%
2 Cristiano Ronaldo
99%
5 Andres Iniesta
79%
4 Xavi Hernandez
79%
3 Wayne Rooney
65%
Zlatan Ibrahimovic
53%
Neymar
52%
9 Robin Van Persie
50%
10 Didier Drogba
39%
Honorable Mentions: Fernando Torres
30%
7 David Villa
28%
Kaka
24%
Mesut Ozil
24%
Thierry Henry
17%
Cesc Fabregas
16%
Samuel Eto'o
16%
David Beckham
15%
Carlos Tevez
14%
Ronaldinho
14%
6 Diego Forlan
5%
Robinho
2%
8 Wesley Sneijder
1%
No matching quizzes found
Score Distribution
Percent of People with Each Score
Percentile by Number Answered
Your Score History
You have not taken this quiz